Los gatos vs. los perros / (Record no. 19598)

MARC details
000 -LEADER
fixed length control field 02055cam a2200505Ii 4500
001 - CONTROL NUMBER
control field sjds834037
003 - CONTROL NUMBER IDENTIFIER
control field sjds
005 - DATE AND TIME OF LATEST TRANSACTION
control field 20190624233738.0
008 - FIXED-LENGTH DATA ELEMENTS--GENERAL INFORMATION
fixed length control field 150520s2015 dcua j 001 0 spa d
020 ## - INTERNATIONAL STANDARD BOOK NUMBER
International Standard Book Number 9781426324963 (paperback)
020 ## - INTERNATIONAL STANDARD BOOK NUMBER
International Standard Book Number 1426324960 (paperback)
035 ## - SYSTEM CONTROL NUMBER
System control number 830840
035 ## - SYSTEM CONTROL NUMBER
System control number (OCoLC)910090258
035 ## - SYSTEM CONTROL NUMBER
System control number 824089
035 ## - SYSTEM CONTROL NUMBER
System control number (OCoLC)ocn910090258
035 ## - SYSTEM CONTROL NUMBER
System control number 824089
035 ## - SYSTEM CONTROL NUMBER
System control number 830840
040 ## - CATALOGING SOURCE
Original cataloging agency BTCTA
Description conventions rda
Language of cataloging eng
Transcribing agency BTCTA
Modifying agency IFA
041 1# - LANGUAGE CODE
Language code of text/sound track or separate title spa
Language code of original eng
049 ## - LOCAL HOLDINGS (OCLC)
Holding library IFAA
099 ## - LOCAL FREE-TEXT CALL NUMBER (OCLC)
Classification number 636.8
Filing suffix 2015
100 1# - MAIN ENTRY--PERSONAL NAME
Personal name Carney, Elizabeth,
Dates associated with a name 1981-
Relator term author.
240 10 - UNIFORM TITLE
Uniform title <a href="Cats vs. dogs.">Cats vs. dogs.</a>
Language of a work Spanish
245 14 - TITLE STATEMENT
Title Los gatos vs. los perros /
Statement of responsibility, etc. Elizabeth Carney.
246 3# - VARYING FORM OF TITLE
Title proper/short title Gatos versus los perros
260 ## - PUBLICATION, DISTRIBUTION, ETC. (IMPRINT)
Place of publication, distribution, etc. Washington, D.C. :
Name of publisher, distributor, etc. National Geographic,
Date of publication, distribution, etc. [2015]
300 ## - PHYSICAL DESCRIPTION
Extent 48 pages :
Other physical details color illustrations ;
Dimensions 24 cm.
336 ## - CONTENT TYPE
Content type term text
Content type code txt
Source rdacontent
336 ## - CONTENT TYPE
Content type term still image
Content type code sti
Source rdacontent
337 ## - MEDIA TYPE
Media type term unmediated
Media type code n
Source rdamedia
338 ## - CARRIER TYPE
Carrier type term volume
Carrier type code nc
Source rdacarrier
490 1# - SERIES STATEMENT
Series statement National Geographic Kids. Nivel 3
500 ## - GENERAL NOTE
General note Título original: Cats vs. dogs.
500 ## - GENERAL NOTE
General note Includes index.
505 00 - FORMATTED CONTENTS NOTE
Formatted contents note Los gatos vs. los perros! -- Los sentidos -- La dieta -- La comunicación -- 10 datos interesantes sobre los perros y los gatos -- El comportamiento -- El enfrentamiento final -- Glosario -- Índice.
520 ## - SUMMARY, ETC.
Summary, etc. Ever since the first youngster in history had a pet, cats vs. dogs has been a hotly debated issue at recesses and lunch tables worldwide. Which one's better? Smarter?
520 ## - SUMMARY, ETC.
Summary, etc. Desde que el primer hijo de la historia tenía una mascota, gatos vs perros ha sido un tema muy debatido en los recreos y mesas de almuerzo en todo el mundo. Cuál es mejor? Más inteligente?
546 ## - LANGUAGE NOTE
Language note Text in Spanish.
650 #0 - SUBJECT ADDED ENTRY--TOPICAL TERM
Topical term or geographic name as entry element Cats
Form subdivision Juvenile literature.
650 #0 - SUBJECT ADDED ENTRY--TOPICAL TERM
Topical term or geographic name as entry element Dogs
Form subdivision Juvenile literature.
650 #7 - SUBJECT ADDED ENTRY--TOPICAL TERM
Topical term or geographic name as entry element Gatos
Form subdivision Literatura juvenil.
Source of heading or term bidex
650 #7 - SUBJECT ADDED ENTRY--TOPICAL TERM
Topical term or geographic name as entry element Perros
Form subdivision Literatura juvenil.
Source of heading or term bidex
830 #0 - SERIES ADDED ENTRY--UNIFORM TITLE
Uniform title National Geographic kids.
Number of part/section of a work Level 3.
Language of a work Spanish.
942 ## - ADDED ENTRY ELEMENTS (KOHA)
Koha item type Libro/Book
Holdings
Withdrawn status Lost status Source of classification or shelving scheme Damaged status Not for loan Home library Current library Date acquired Total Checkouts Barcode Date last seen Date checked out Price effective from Koha item type
    Dewey Decimal Classification     La Puerta Biblioteca -- Satellite La Puerta Biblioteca -- Satellite 21/05/2019 20 40301972 08/12/2022 24/11/2022 21/05/2019 Libro/Book

Powered by Koha